Você conhece todas as musicas do Jão? (2025) - Statistics

Estatísticas Gerais
  • Esse quiz foi jogado 46 vezes
    43 desde o último reset
  • A pontuação média é 51 de 78
Estatísticas das Respostas
Álbum Música % Correto
Anti-Herói Barcelona
90%
Lobos Lobos
90%
Pirata Idiota
90%
Real Magic IDIOTA
90%
part.Gustavo Mioto - Mal
90%
Super 14° Super
90%
Pirata Coringa
86%
Pirata Doce
86%
Pirata Meninos e Meninas
86%
Super Alinhamento Milenar
83%
Anti-Herói VSF
83%
Pirata Não Te Amo
83%
Anti-Herói 10° :( (Nota de Voz 8)
83%
Pirata 11° Olhos Vermelhos
83%
Pirata Clarão
79%
Super 11° Locadora
79%
Supernova Supernova
79%
Pirata Acontece
76%
Super Escorpião
76%
Lobos Ainda Te Amo
76%
Lobos Imaturo
76%
Anti-Herói Hotel San Diego
76%
Single - Imaturo
76%
Super Julho
76%
Super Me Lambe
76%
Super 12° Rádio
76%
Single - Ressaca
76%
Lobos A Rua
72%
Lobos Me Beija com Raiva
72%
Lobos 12° Ressaca
72%
Super Gameboy
72%
Super Lábia
72%
Super Maria
72%
Single - Me Beija Com Raiva
72%
part.Anitta - Pilantra
72%
Anti-Herói A Última Noite
69%
Anti-Herói Essa Eu Fiz pro Nosso Amor
69%
Lobos 10° Monstros
69%
Anti-Herói Triste pra Sempre
69%
part. Luisa Sonza - fugitivos :)
69%
Single - Louquinho
69%
Supernova Religião
69%
Pirata Santo
69%
Super 10° Se o Problema Era Você, Por Que Doeu em Mim?
69%
Single - Álcool
66%
Anti-Herói Fim de Festa
66%
Lobos Vou Morrer Sozinho
66%
Supernova Paranoid
66%
Pirata 10° Tempos de Glória
66%
Single - Vou Morrer Sozinho
66%
part.Ludmilla - A Boba Fui Eu
62%
Supernova Acidente
62%
Supernova Carnaval
62%
Single - Enquanto Me Beija
62%
Anti-Herói Enquanto Me Beija
62%
Lobos Eu Quero Ser como Você
62%
Super 13° São Paulo, 2015
62%
Pirata Você Me Perdeu
62%
Single - AMOR PIRATA
59%
Super Eu Posso Ser como Você
59%
Lobos Lindo Demais
59%
Anti-Herói Você Vai Me Destruir
59%
Super Sinais
59%
part. Pedrowl - Dança Pra Mim
55%
Single - Dança Pra Mim
55%
Supernova O Triste é Que Eu Te Amo
55%
Lobos Aqui
52%
Supernova Modo de Dize
52%
part.Nando Reis - Sim
48%
part. Lagum - Andar Sozinho
45%
Supernova Locadora (Versão Estendida)
38%
part.Ivete Sangalo - Me Liga
28%
Single - Codinome Beija-Flor / O Tempo Não Para
24%
Lobos 11° Fim de mundo
21%
part.Julia Mestre - Jardins da Babilônia
17%
Real Magic Tenemos Que Hablar
17%
part.Jota Quest - Amor Maior
14%
part. Seakret e Buchecha - Só Love
7%
Nenhum quiz correspondente encontrado
Distribuição das Pontuações
Porcentagem de Pessoas com Cada Pontuação
Percentil de Números Respondidos
Sua Pontuação Histórica
Você não jogou esse quiz desde o último reset